|
|
|
|
| LEADER |
00000nab a2200000 a 4500 |
| 001 |
vtls009494400 |
| 003 |
SK-MaSNL |
| 005 |
20260426085517.0 |
| 008 |
250507c2008 xo zr|p|||||||000 b|slo |
| 015 |
|
|
|a SNBRB2009/04
|2 snkbucl
|
| 035 |
|
|
|a (uuid)6f2f0edf-29e0-47a4-a622-353c8e1475d6
|
| 035 |
|
|
|a urn:nbn:sk:snk-abc4qj
|
| 035 |
|
|
|a (urnnbn)urn:nbn:sk:snk:ar-006fbs
|
| 038 |
|
|
|a SNKBUCL
|
| 040 |
|
|
|a SNKBUCL
|b slo
|c SNKBUCL
|e AACR2
|
| 041 |
0 |
|
|a slo
|
| 044 |
|
|
|a xo
|c SK
|
| 080 |
|
|
|a 78.079:787.61
|2 2001
|
| 080 |
|
|
|a 787.61
|2 2001
|
| 100 |
1 |
|
|a Turan, Andrijan,
|d 1962-
|4 aut
|9 94167
|
| 245 |
1 |
0 |
|a Ako Slováci dávali lekcie džezu
|b Džezové dni - 24.-26.10.2008 - PKO Bratislava)
|c Andrijan Turan
|
| 500 |
|
|
|a V článku uvedený nesprávny ročník festivalu (29.)
|
| 611 |
2 |
7 |
|a Bratislavské jazzové dni
|n (34. :
|d 2008 :
|c Bratislava, Slovensko)
|2 snkbucl
|9 243459
|
| 650 |
0 |
7 |
|a džez
|2 snkbucl
|9 3178
|
| 650 |
0 |
7 |
|a džezové festivaly
|2 snkbucl
|9 92297
|
| 651 |
|
7 |
|a Bratislava (Slovensko)
|2 snkbucl
|9 14568
|
| 773 |
0 |
|
|t Dotyky
|g Roč. XX, č. 4-5 (2008), s. 96-99
|x 1210-2210
|
| 850 |
|
|
|a Slovenská národná knižnica
|
| 852 |
|
|
|a Slovenská národná knižnica
|
| 958 |
|
|
|a article15
|
| 958 |
|
|
|a OND
|
| 958 |
|
|
|a SK
|
| 958 |
|
|
|a EUIPO
|
| 999 |
|
|
|c 2966775
|d 2968705
|